000 01455nam0a22003011 4500
001 rc\4597705
005 20260406121441.0
021 _aRU
_b[65-34161]
035 _a(NLR Aleph) 008665254
090 _a9086519
_c9086519
100 _a20130416d1965 |||y0rusy50 ca
101 0 _arus
102 _aRU
105 _aa z |||||
200 1 _aМинералогическая термометрия и барометрия
_e[Сборник статей
_fРед. коллегия: акад. В.И. Смирнов и др.]
_gАкад. наук СССР. Отд-ние наук о Земле. Науч. совет по рудообразованию
210 _aМосква
_cНаука
_d1965
215 _a328 с., 1 л. ил.
_cил.
_d27
320 _aБиблиогр.: с. 312-325
606 _aМесторождения полезных ископаемых, эндогенные
_xМинералообразующая среда
_jСборники
_2psbo
606 _aМинералообразование
_jСборники
_2psbo
702 1 _4340
_7ca
_8rus
_aСмирнов
_bВ. И.
_cд-р геол.-минерал. наук
_f1910-1988
_gВладимир Иванович
_9213427
_3RU\NLR\AUTH\770213483
712 0 2 _aАН СССР
_bОтделение наук о Земле
_9301125
_3RU\NLR\AUTH\8814001
801 0 _aRU
_bNLR
_gpsbo
801 1 _aRU
_bELAR
_2rusmarc
852 _aNLR
_j65-7/1036
942 _cBOOK
980 _aNB